Statistics for Famous People

Click here to take the quiz!

General Stats

  • This quiz has been taken 49 times
  • The average score is 10 of 12

Answer Stats

Answer% Correct
Albert Einstein
98%
Adolf Hitler
96%
Queen Elizabeth II
96%
Serena Williams
96%
Winston Churchill
96%
Martin Luther King Jr
93%
Angela Merkel
91%
Stephen Hawking
91%
Boris Johnson
84%
Rosa Parks
71%
Michael Jordan
58%
Sadio Mane
31%

Score Distribution

Percentile by Number Answered

Percent of People with Each Score

Your Score History

You have not taken this quiz